| 000 | 00939cam a22002895i 4500 | ||
|---|---|---|---|
| 999 |
_c28927 _d28898 |
||
| 001 | 13357743 | ||
| 003 | EG-ScBUE | ||
| 005 | 20201014144342.0 | ||
| 008 | 030930t20042004njua f b 001 0 eng d | ||
| 020 | _a9780471228554 | ||
| 040 |
_aDLC _beng _erda _cDLC _dDLC _dDLC _dEG-ScBUE |
||
| 082 | 0 | 4 |
_a004.33 _bLAP _222 |
| 100 | 1 |
_aLaplante, Phillip A., _eauthor. _941708 |
|
| 245 | 1 | 0 |
_aReal-time systems design and analysis / _cPhillip A. Laplante. |
| 250 | _aThird ed. | ||
| 264 | 1 |
_aPiscataway, NJ : _bIEEE Press ; _aHoboken, NJ : _bWiley, _c[2004] |
|
| 264 | 4 | _cc2004 | |
| 300 |
_axxi, 505 pages : _billustrations ; _c24 cm |
||
| 336 |
_atext _btxt _2rdacontent |
||
| 337 |
_aunmediated _bn _2rdamedia |
||
| 338 |
_avolume _bnc _2rdacarrier |
||
| 504 | _aIncludes bibliographical references and index. | ||
| 650 | 7 |
_aReal-time data processing. _2BUEsh |
|
| 650 | 7 |
_aSystem design. _2BUEsh |
|
| 653 |
_bCOMSCI _cOctober2020 |
||
| 942 |
_2ddc _cBB |
||